| 000 | 00837cam a2200217 4500 | ||
|---|---|---|---|
| 008 | 100323t20082008mx a 000 0 spa u | ||
| 035 | _aa488249 | ||
| 050 | 0 | 4 |
_aHE8689.4 _bN38 2008 |
| 100 | 1 | _aNavarro, Fidela | |
| 245 | 1 | 0 |
_aMedios de servicio público y transparencia : _banálisis y medición de su desempeño / _cFidela Navarro, Ernesto Villanueva |
| 250 | _a1a ed. | ||
| 260 |
_aMéxico. : _bSenado de la república, Instituto de investigaciones jurídicas, _cc2008 |
||
| 300 |
_a565 p. : _bil. ; _c23 cm. |
||
| 506 | _aDonación | ||
| 504 | _aIncluye bibliografía e índice | ||
| 650 | 4 |
_aMedios masivos de comunicación _xAspectos sociales _z México |
|
| 650 | 4 |
_aLibertad de información _z México. |
|
| 700 | 1 | _aVillanueva, Ernesto, coaut | |
| 710 | 2 | _aSenado de la República, LX legislatura | |
| 942 |
_2lcc _cLIB |
||
| 999 |
_c106682 _d106682 |
||